000
00279nam a22001337a 4500
008
181012b xxu||||| |||| 00| 0 eng d
020
_a
0670804835
041
_a
eng
080
_a
941
100
_a
17
101
_a
HIS
245
_a
Works of Man
_c
Clark, R.W
942
_2
udc
_c
BK
999
_c
49538
_d
49538